Spracúvanie osobných údajov v účtovnej agende
Dňa 25.5.2018 vstúpili do platnosti zmeny v oblasti ochrany osobných údajov, a to konkrétne nariadenie Európskeho parlamentu a Rady EÚ č. 2016/679 z 27. apríla 2016 o ochrane fyzických osôb pri spracúvaní osobných údajov a o voľnom pohybe týchto údajov (Data Protection Regulation, GDPR), ktorým sa r...
Gespeichert in:
| 1. Verfasser: | |
|---|---|
| Format: | Buchkapitel |
| Sprache: | Slowakisch |
| Schlagworte: | |
| Tags: |
Keine Tags, Fügen Sie das erste Tag hinzu!
|
MARC
| LEADER | 00000naa a2200000 4500 | ||
|---|---|---|---|
| 001 | 0248282 | ||
| 005 | 20181017071045.3 | ||
| 041 | 0 | |a slo | |
| 044 | |a SK | ||
| 245 | 1 | 0 | |a Spracúvanie osobných údajov v účtovnej agende |c Marcela Macová |
| 520 | |a Dňa 25.5.2018 vstúpili do platnosti zmeny v oblasti ochrany osobných údajov, a to konkrétne nariadenie Európskeho parlamentu a Rady EÚ č. 2016/679 z 27. apríla 2016 o ochrane fyzických osôb pri spracúvaní osobných údajov a o voľnom pohybe týchto údajov (Data Protection Regulation, GDPR), ktorým sa ruší smernica 95/46/ES a nový zákon o ochrane osobných údajov - zákon č. 18/2018 Z.z. o ochrane osobných údajov a o zmene a doplnení niektorých zákonov. | ||
| 610 | 2 | 0 | |a ochrana údajov osobných |
| 610 | 2 | 0 | |a bezpečnosť informačná |
| 610 | 2 | 0 | |a spracovanie dát automatické |
| 610 | 2 | 0 | |a účtovníctvo |
| 610 | 2 | 0 | |a osoby právnické |
| 610 | 2 | 0 | |a legislatíva |
| 610 | 2 | 0 | |a Slovensko |
| 610 | 2 | 0 | |a Európsky parlament |
| 100 | 1 | |a Macová, Marcela | |